000 00837cab a2200265 4500
001 WB3121-20
008 090401t1995 xxu||||| |||| 00| 0 eng d
035 _a(Sirsi) u17595
041 _aeng
245 _aRegional price movements
260 _c1995
350 _a0
490 _aSunday Times
_v28 May 1995, 5:4-5:5(4)
520 _aConsiders the regional variations in house prices, highlighting the percentage change from 1988 to 1995 and questions whether prices will recover in the long term. Map.
650 _aBURY ST EDMUNDS
650 _aEAST ANGLIA
650 _aFORECASTS
650 _aHALIFAX BUILDING SOCIETY
650 _aHOUSE IMPROVEMENTS
650 _aHOUSING MARKET
650 _aSCOTLAND
690 _aPROPERTY-RESIDENTIAL PROPERTY-RESIDENTIAL PROPERTY MARKET
942 _n0
948 _c04/03/1997
999 _c11664
_d11664